Executive guide to speech - driven computer systems /

Salvato in:
Dettagli Bibliografici
Autore principale: McPherson, Malcolm (Autore)
Natura: Libro
Lingua:inglese
Pubblicazione: Berlin : Springer Verlag, 1995
Soggetti:
Tags: Aggiungi Tag
Nessun Tag, puoi essere il primo ad aggiungerne!!

MARC

LEADER 00000nam a22000003a 4500
001 stu9646
005 20150617225803.3
008 970428s1995----gw------------------eng-d
040 |a STU  |b slo 
041 0 |a eng 
044 |a gw 
080 |a 534.78 
080 |a 519.76 
080 |a 681.32.015 
084 |a C6180N  |2 INS 
084 |a C7250N  |2 INS 
084 |a C1270  |2 INS 
084 |a C7102  |2 INS 
084 |a C7104  |2 INS 
084 |a D3060  |2 INS 
084 |a D1040  |2 INS 
084 |a D1060  |2 INS 
084 |a C5585  |2 INS 
100 1 |a McPherson, Malcolm  |4 aut 
245 1 |a Executive guide to speech - driven computer systems /  |c [aut.] McPherson,Malcolm 
260 |a Berlin :  |b Springer Verlag,  |c 1995 
300 |a 113 s 
650 7 |a komunikácia s počítačom v ľudskej reči  |2 stusub 
650 7 |a používateľské rozhrania  |2 stusub 
650 7 |a rozpoznávanie reči  |2 stusub 
650 7 |a spracovanie reči  |2 stusub 
996 |c I*14R5070  |l II680  |s A  |a 24  |w stu9646_0001